Visualizzazione normale
Vista MARC
- LEGGERA ITALIAN [DISCHI]
di Topical Term
Records bibliografici associati: 7
001 - CONTROL NUMBER
- control field: 23160
003 - CONTROL NUMBER IDENTIFIER
- control field: IT-RoPau
005 - DATE AND TIME OF LATEST TRANSACTION
- control field: 20140430154850.0
008 - FIXED-LENGTH DATA ELEMENTS
- fixed length control field: 140430|| aca||aabn | a|a d
040 ## - CATALOGING SOURCE
- Original cataloging agency: IT-RoPau
- Transcribing agency: IT-RoPau
150 ## - HEADING--TOPICAL TERM
- Topical term or geographic name entry element: LEGGERA ITALIAN [DISCHI]
- : Codice MATERIA SPICS: 9950
670 ## - SOURCE DATA FOUND
- Source citation: Work cat.: (IT-RoPau)101586: Fornaciari Zucchero 23157, Blue's (Zucchero Fornaciari Lp 833 077)